01113cam a2200229 a 450000100100000000500170001000800410002702000150006804000290008305000270011208200210013924501050016024600390026525000110030426000800031530000260039550002820042150000220070363000470072565000520077271000590082400001086920200929162317.0050317s2005 xxc 001 0 eng d a9292250116 aDO-SdBNPbengcLCdBNPHU00aK3488.A41992bH36 2005 a346.04/695bH23600aHandbook of the convention on biological diversity :bincluding its Cartagena protocol on biosafety.30aConvention on Biological Diversity a3a ed. aMontréal :bSecretariat of the Convention on Biological Diversity,c2005. axl, 1493 p. ;c24 cm. a"Se ha actualizado para incluir los resultados de la 7ª reunión de la Conferencia de las Partes en la Convención y la 1ª reunión de la Conferencia de las Partes que actúa como reunión de las Partes en el Protocolo de Cartagena sobre Seguridad de la Biotecnología" aIncluye índice.00aConvention on Biological Diversityd(1992) 0aBiodiversity conservationxLaw and legislation.1 aSecretariat of the Convention on Biological Diversity.